00855nam a22002417a 4500008004100000020002200041040001600063041000700079082002100086100002400107245008900131260004100220300001700261440004100278600002300319650001800342650003100360650003400391650003700425942000900462999001700471952012500488100519t xxu||||| |||| 00| 0 eng d a978-2-615236-31-6 aBUACcENEAM aFr a336.02 BER - COM aBERMAN, Karen95321 aComprendre la finance pour les non- financiers et les étudiantsc / Karen Berman. a Paris:b Nouveaux Horizons,c 2006. a238p.b23cm. a (Business Literacy Institute)95322 aKNIGHT, Joe.95323 aFinance95324 aFinance d'entreprise95325 aDonnées financières95326 aIntelligeance financière95327 cLIVR c47147d47147 00104070aBENEAMbBENEAMd2010-05-25eAchatl0o336.02 BER- COMp10890 ENEAMr2010-05-25 00:00:00t1w2010-05-25yLIVR